تحميل...

Heat Transfer /

التفاصيل البيبلوغرافية
المؤلف الرئيسي: Winterton, R H S .
التنسيق: Printed Book
اللغة:English
منشور في: Oxford : Oxford Scince , 1997.
الموضوعات:
LEADER 00506cam a2200157ua 4500
008 080527s1997 g b000 u eng u
020 |a 0-19-856297-7 
082 1 4 |a 621.4 N7 
100 1 |a Winterton, R H S . 
245 0 0 |a Heat Transfer /   |h Textual Documents 
260 |a Oxford : Oxford Scince ,   |c 1997. 
300 |a  ;  
650 0 |a Heat transfer 
942 |c BK 
999 |c 106149  |d 106149 
952 |0 0  |1 0  |4 0  |6 621_400000000000000_N7  |7 0  |9 100863  |a SCS  |b SCS  |d 2014-06-26  |l 0  |o 621.4 N7  |p SCS02449   |r 2014-06-26  |w 2014-06-26  |y BK